Introduction to numerical computation (Record no. 1237393)

MARC details
000 -LEADER
fixed length control field 00685nam a2200241Ia 4500
005 - DATE AND TIME OF LATEST TRANSACTION
control field 20250117103436.0
008 - FIXED-LENGTH DATA ELEMENTS--GENERAL INFORMATION
fixed length control field 008 250103s9999 xx 000 0 eng d
020 ## - INTERNATIONAL STANDARD BOOK NUMBER
International Standard Book Number 9789811205187
037 ## - SOURCE OF ACQUISITION
Stock number Textual
040 ## - CATALOGING SOURCE
Original cataloging agency CSL
Language of cataloging eng
Transcribing agency CSL
041 ## - LANGUAGE CODE
Language code of text/sound track or separate title eng
Source of code eng
084 ## - COLON CLASSIFICATION NUMBER
Classification number D65,8(B) R0;1
Assigning agency CSL
100 ## - MAIN ENTRY--PERSONAL NAME
Personal name Shen, Wen
9 (RLIN) 731066
245 #0 - TITLE STATEMENT
Title Introduction to numerical computation
Statement of responsibility, etc. Shen, Wen
250 ## - EDITION STATEMENT
Edition statement 2nd
260 ## - PUBLICATION, DISTRIBUTION, ETC.
Place of publication, distribution, etc. Singapore
Name of publisher, distributor, etc. World Scientific
Date of publication, distribution, etc. 2020
300 ## - PHYSICAL DESCRIPTION
Extent xv, 322p. ill.
650 ## - SUBJECT ADDED ENTRY--TOPICAL TERM
Topical term or geographic name entry element Least squares
9 (RLIN) 733071
650 ## - SUBJECT ADDED ENTRY--TOPICAL TERM
Topical term or geographic name entry element Numerical integration
9 (RLIN) 716627
650 ## - SUBJECT ADDED ENTRY--TOPICAL TERM
Topical term or geographic name entry element Physics
942 ## - ADDED ENTRY ELEMENTS (KOHA)
Koha item type Textual
Classification part D65,8(B) R0;1
Holdings
Withdrawn status Lost status Damaged status Not for loan Home library Current library Date acquired Source of acquisition Inventory number Total Checkouts Full call number Barcode Date last seen Price effective from Koha item type
        Central Science Library Central Science Library 2025-01-17 New India Book Agency 4116, 30/01/2023   D65,8(B) R0;1 SL1655340 2025-01-17 2025-01-17 Textual
Copyright @ Delhi University Library System